FEMS Microbiology Letters (Record no. 34373)

MARC details
000 -LEADER
fixed length control field 00595nai a2200181Ia 4500
003 - CONTROL NUMBER IDENTIFIER
control field IN-BaIIA
008 - FIXED-LENGTH DATA ELEMENTS--GENERAL INFORMATION
fixed length control field 211028c9999 xx s 000 0 eng d
022 ## - INTERNATIONAL STANDARD SERIAL NUMBER
International Standard Serial Number 0378-1097 (Print)
022 ## - INTERNATIONAL STANDARD SERIAL NUMBER
International Standard Serial Number 1574-6968 (Online)
040 ## - CATALOGING SOURCE
Transcribing agency IIA Library
245 #0 - TITLE STATEMENT
Title FEMS Microbiology Letters
Medium [eJournal]
260 ## - PUBLICATION, DISTRIBUTION, ETC.
Place of publication, distribution, etc. New Jersey
Name of publisher, distributor, etc. John Wiley & Sons
310 ## - CURRENT PUBLICATION FREQUENCY
Current publication frequency Semi-monthly
362 ## - DATES OF PUBLICATION AND/OR SEQUENTIAL DESIGNATION
Dates of publication and/or sequential designation 146(1); 1997 - 361(2); 2014
521 ## - TARGET AUDIENCE NOTE
Source Subscribed through National Knowledge Resource Consortium (NKRC)
856 ## - ELECTRONIC LOCATION AND ACCESS
Uniform Resource Identifier <a href="https://onlinelibrary.wiley.com/journal/15746968">https://onlinelibrary.wiley.com/journal/15746968</a>
Link text Click Here to Access eJournal
942 ## - ADDED ENTRY ELEMENTS (KOHA)
Koha item type eJournals
Holdings
Withdrawn status Lost status Damaged status Not for loan Home library Current library Date acquired Source of acquisition Serial Enumeration / chronology Total Checkouts Barcode Date last seen Uniform Resource Identifier Price effective from Koha item type
        IIA Library-Bangalore IIA Library-Bangalore 01/01/2009 NKRC 146(1); 1997 - 361(2); 2014   EJ457 05/11/2021 https://onlinelibrary.wiley.com/journal/15746968 05/11/2021 eJournals

Powered by Koha